| 000 | 00484nam a22001697a 4500 | ||
|---|---|---|---|
| 003 | BD-DhUL | ||
| 005 | 20180117145137.0 | ||
| 008 | 180117s1968 enk||||| |||| 00| 0 eng d | ||
| 040 |
_aBD-DhUL _cBD-DhUL |
||
| 082 |
_a170 _bDEE |
||
| 245 | 1 |
_aEthics and Society : original essays on contemporary moral problems / _cRichard T. De George, |
|
| 260 |
_aLondon : _bMacmillan, _c1968. |
||
| 300 | _avi, 217 p. | ||
| 650 | 0 | _aEthics | |
| 700 | 1 | _aDe George, Richard T. | |
| 942 |
_2ddc _cBK |
||
| 999 |
_c237175 _d237175 |
||